| 000 | 00477nam a2200169Ia 4500 | ||
|---|---|---|---|
| 999 |
_c3449 _d3449 |
||
| 003 | OSt | ||
| 005 | 20200821105958.0 | ||
| 008 | 190216s9999||||xx |||||||||||||| ||und|| | ||
| 020 | _a8183560342 | ||
| 040 | _coclc | ||
| 082 |
_a664.07 _bIQB/F |
||
| 100 |
_aIqbal, S A _94118 |
||
| 245 | 0 |
_aFood Chemistry / _cS A Iqbal ; Y Mido |
|
| 260 |
_bDiscovery Publishing House, _aDelhi: _c2005. |
||
| 300 | _a237p | ||
| 942 |
_cBK _2ddc _h664.07 _iIQB/F _k664.07 _mIQB/F |
||